Les 15 villes les plus peuplées d'Aveyron - Statistiques

Statistiques générales
  • Ce quiz a été pris 204 fois
  • Le résultat moyen est 7 sur 15
Statistiques - réponses
Habitants Ville % Correct
24 475 Rodez
99%
21 979 Millau
95%
11 602 Villefranche-de-Rouergue
80%
8 023 Saint-Affrique
75%
11 665 Onet-le-Château
63%
5 323 Decazeville
62%
4 601 Espalion
59%
6 005 Luc-la-Primaube
44%
3 150 Baraqueville
39%
3 439 Olemps
34%
4 419 Capdenac-Gare
27%
3 741 Aubin
26%
4 069 Sévérac-d'Aveyron
17%
3 256 Sébazac-Concourès
16%
3 205 Druelle Balsac
8%
Aucun quiz correspondant
Distribution des résultats
% des personnes avec chaque résultat
Percentile par nombre de réponses
Votre historique - résultats
Vous n’avez pas pris ce quiz